LEADER 01539nam 2200481 450 001 9910404248703321 005 20211118102005.0 010 $a958-5498-23-5 035 $a(CKB)4100000011290554 035 $a(MiAaPQ)EBC6772999 035 $a(EXLCZ)994100000011290554 100 $a20211026d2019 uy 0 101 0 $aspa 135 $aurcnu|||||||| 181 $ctxt$2rdacontent/spa 182 $cc$2rdamedia/spa 183 $acr$2rdacarrier/spa 200 00$aAgustin de Hipona como Doctor Pacis $eestudios sobre la paz en el mundo contempo?raneo/Nello Cipriani ; [y otros] ; compilador Anthony Dupont, Enrique Eguiarte Bendimez, Carlos Albere to Villabona Vargas 210 1$aBogota? :$cEditorial Uniagustiniana,$d2019. 215 $a1 recurso en li?nea (387 pa?ginas) 300 $aIncluye i?ndice. 311 $a958-5498-20-0 606 $aGood and evil 606 $aTheology, Doctrinal 606 $aBien y mal 606 $aTeologi?a dogma?tica 608 $aLibros electronicos. 615 0$aGood and evil. 615 0$aTheology, Doctrinal. 615 4$aBien y mal. 615 4$aTeologi?a dogma?tica. 676 $a189.4 702 $aBharti$b Priy 702 $aCipriani$b Nello 702 $aDupont$b Anthony 702 $aEguiarte Bendimez$b Enrique A. 702 $aVillabona Vargas$b Carlos Alberto 801 0$bFINmELB 801 1$bFINmELB 906 $aBOOK 912 $a9910404248703321 996 $aAgustin de Hipona como Doctor Pacis$92556495 997 $aUNINA